[Event "Alushta Rapid op"]
[Site "Alushta"]
[Date "2023.07.13"]
[Round "11"]
[White "Pogoskin, Roman"]
[Black "Zhurov, Sergey"]
[Result "0-1"]
[WhiteElo "1970"]
[BlackElo "2226"]
[PlyCount "56"]
[EventDate "2023.07.11"]
[EventType "swiss (rapid)"]
[EventRounds "11"]
[EventCountry "UKR"]
[SourceTitle "CBM 215 Extra"]
[Source "ChessBase"]
[SourceDate "2023.09.30"]
[SourceVersion "1"]
[SourceVersionDate "2023.09.30"]
[SourceQuality "1"]

1. e4 c5 2. Nf3 Nc6 3. d4 cxd4 4. Nxd4 Nf6 5. Nc3 e5 6. Ndb5 d6 7. Bg5 a6 8. Na3 b5 9. Nd5 Be7 10. Bxf6 Bxf6 11. c4 b4 12. Nc2 a5 13. g3 0-0 14. h4 Be6 15. Qd3 Nb8 16. Rd1 Na6 17. b3 g6 18. Bh3 Nc5 19. Qf3 Bg7 20. h5 Ra7 21. g4 Qg5 22. Nce3 a4 23. Nxb4 axb3 24. axb3 Nxb3 25. Rxd6 Nd4 26. Qd1 Rfa8 27. Nec2 Bf8 28. Rb6 Bc5 0-1

[Event "Alushta Rapid op"]
[Site "Alushta"]
[Date "2023.07.12"]
[Round "6"]
[White "Varezhkin, Viktor"]
[Black "Pogoskin, Roman"]
[Result "0-1"]
[WhiteElo "2062"]
[BlackElo "1970"]
[PlyCount "64"]
[EventDate "2023.07.11"]
[EventType "swiss (rapid)"]
[EventRounds "11"]
[EventCountry "UKR"]
[SourceTitle "CBM 215 Extra"]
[Source "ChessBase"]
[SourceDate "2023.09.30"]
[SourceVersion "1"]
[SourceVersionDate "2023.09.30"]
[SourceQuality "1"]

1. b3 d5 2. Nf3 Nf6 3. Bb2 c6 4. g3 Bf5 5. Bg2 Nbd7 6. d3 h6 7. Nbd2 e6 8. 0-0 Be7 9. Re1 0-0 10. a3 Qc7 11. e4 dxe4 12. dxe4 Bh7 13. e5 Nd5 14. c4 N5b6 15. b4 Rfd8 16. Qb3 Nf8 17. Ne4 Bxe4 18. Rxe4 Rd7 19. Rd1 Rad8 20. Rxd7 Qxd7 21. Rd4 Qc7 22. Rxd8 Qxd8 23. a4 Ng6 24. Ne1 Qd2 25. Bc3 Qc1 26. Kf1 Nxa4 27. Bd4 Nb6 28. Bxb6 axb6 29. b5 cxb5 30. Qxb5 Bc5 31. Qe8+ Nf8 32. Be4 Qxc4+ 0-1

[Event "Alushta op"]
[Site "Alushta"]
[Date "2023.07.03"]
[Round "2"]
[White "Pogoskin, Roman"]
[Black "Ivanov, Maxim1111"]
[Result "0-1"]
[WhiteElo "1970"]
[BlackElo "1704"]
[PlyCount "20"]
[EventDate "2023.07.02"]
[EventType "swiss"]
[EventRounds "9"]
[EventCountry "UKR"]
[SourceTitle "CBM 215 Extra"]
[Source "ChessBase"]
[SourceDate "2023.09.30"]
[SourceVersion "1"]
[SourceVersionDate "2023.09.30"]
[SourceQuality "1"]

1. e4 e5 2. Nf3 Nc6 3. d4 exd4 4. Bc4 Nf6 5. e5 Ng4 6. 0-0 d6 7. Nxd4 Ngxe5 8. Bd5 Nxd4 9. Qxd4 Qf6 10. f4 Nf3+ 0-1

[Event "RUS-ch Silent"]
[Site "Zelenograd"]
[Date "2022.04.13"]
[Round "6"]
[White "Pogoskin, Roman"]
[Black "Varezhkin, Viktor"]
[Result "0-1"]
[WhiteElo "1994"]
[BlackElo "2139"]
[PlyCount "44"]
[EventDate "2022.04.09"]
[EventType "swiss"]
[EventRounds "11"]
[EventCountry "RUS"]
[SourceTitle "EXT 2023"]
[Source "ChessBase"]
[SourceDate "2022.10.05"]
[SourceVersion "1"]
[SourceVersionDate "2022.10.05"]
[SourceQuality "1"]

1. e4 e5 2. Nc3 Nc6 3. Nf3 Nf6 4. d4 exd4 5. Nxd4 Bb4 6. Nxc6 bxc6 7. Bd3 d5 8. exd5 cxd5 9. Qe2+ Be7 10. Bb5+ Bd7 11. 0-0 c6 12. Bd3 0-0 13. Bf4 Bg4 14. Qe5 Nh5 15. Qc7 Rc8 16. Qxd8 Rfxd8 17. Bd2 g6 18. Na4 c5 19. Ba6 Rb8 20. Rfe1 Be6 21. Be2 Nf6 22. Bf4 Rb4 0-1

[Event "RUS-ch Silent"]
[Site "Zelenograd"]
[Date "2020.10.07"]
[Round "5"]
[White "Pogoskin, Roman"]
[Black "Petrov, Alexey"]
[Result "1/2-1/2"]
[WhiteElo "1976"]
[BlackElo "1874"]
[PlyCount "172"]
[EventDate "2020.10.03"]
[EventType "swiss"]
[EventRounds "11"]
[EventCountry "RUS"]
[SourceTitle "EXT 2022"]
[Source "ChessBase"]
[SourceDate "2021.10.06"]
[SourceVersion "1"]
[SourceVersionDate "2021.10.06"]
[SourceQuality "1"]

1. e4 c5 2. Nf3 Nc6 3. Bb5 g6 4. 0-0 Bg7 5. Re1 Nf6 6. c3 0-0 7. d4 cxd4 8. cxd4 a6 9. Bf1 d5 10. e5 Nd7 11. Nc3 Nb6 12. h3 Bf5 13. Bf4 Rc8 14. Rc1 Na5 15. b3 Nc6 16. Qd2 Qd7 17. Bh6 Rc7 18. Bf4 Rcc8 19. Ne2 f6 20. exf6 exf6 21. Ng3 Be6 22. a4 Rfe8 23. Bh6 Bf7 24. Bxg7 Kxg7 25. Ne2 Re7 26. Nf4 Rce8 27. Nd3 Qd6 28. Nc5 Rxe1 29. Nxe1 Re7 30. Nc2 Rc7 31. Ne3 Nd7 32. Nxd7 Rxd7 33. g3 Qa3 34. Qc3 Qb4 35. Qxb4 Nxb4 36. Rc5 b6 37. Rc8 a5 38. Bg2 h5 39. Nc2 Nxc2 40. Rxc2 Rd6 41. Kf1 Be6 42. Ke2 g5 43. h4 Kg6 44. Ke3 Bg4 45. f3 Re6+ 46. Kf2 Bf5 47. Rc3 Rd6 48. Bf1 Bd7 49. Bb5 Be6 50. Ke3 Bf5 51. Rc7 Bb1 52. Rc3 Bf5 53. Kd2 Bb1 54. Ke3 Bf5 55. Be8+ Kh6 56. Kf2 Bg6 57. Bb5 Bf5 58. Rc7 Be6 59. Bd3 Bd7 60. Ke3 f5 61. f4 g4 62. Kd2 Kg6 63. Bb5 Bxb5 64. axb5 Kf6 65. Rh7 Kg6 66. Rh8 Rd7 67. Rg8+ Kh6 68. Rc8 Rd6 69. Rc6 Rg6 70. Rc7 Rd6 71. Kd3 Kg6 72. Rc8 Kf7 73. Rh8 Kg6 74. Rg8+ Kh6 75. Rc8 Kg6 76. Rc6 Rf6 77. Rc7 Rd6 78. Kc3 Re6 79. Kd3 Rd6 80. Rc8 Kf7 81. Rh8 Kg6 82. Rg8+ Kh6 83. Rg5 Rf6 84. Kc3 Rf8 85. b4 axb4+ 86. Kxb4 Rf6 1/2-1/2

[Event "RUS-ch Silent"]
[Site "Zelenograd"]
[Date "2020.10.05"]
[Round "3"]
[White "Skorobogatykh, Andrey"]
[Black "Pogoskin, Roman"]
[Result "1/2-1/2"]
[WhiteElo "2071"]
[BlackElo "1976"]
[PlyCount "60"]
[EventDate "2020.10.03"]
[EventType "swiss"]
[EventRounds "11"]
[EventCountry "RUS"]
[SourceTitle "EXT 2022"]
[Source "ChessBase"]
[SourceDate "2021.10.06"]
[SourceVersion "1"]
[SourceVersionDate "2021.10.06"]
[SourceQuality "1"]

1. e4 e5 2. Nf3 Nc6 3. Bb5 a6 4. Ba4 Nf6 5. 0-0 Nxe4 6. Re1 Nc5 7. Nxe5 Nxe5 8. Rxe5+ Be7 9. c3 Nxa4 10. Qxa4 0-0 11. d4 d6 12. Re1 d5 13. Bf4 Bg5 14. Bg3 Bf5 15. Na3 c6 16. Nc2 Qb6 17. Ne3 Bxe3 18. Rxe3 Qxb2 19. Rae1 Be6 20. Bd6 Rfd8 21. Qa3 Qxa3 22. Bxa3 Re8 23. Bc5 b5 24. a3 g6 25. f4 h5 26. h4 Kg7 27. g3 Kf6 28. Kf2 Rad8 29. Re5 Rc8 30. R5e3 Ra8 1/2-1/2

[Event "RUS-ch Silent"]
[Site "Zelenograd"]
[Date "2020.10.04"]
[Round "2"]
[White "Pogoskin, Roman"]
[Black "Rukavishnikov, Maxim"]
[Result "1/2-1/2"]
[WhiteElo "1976"]
[BlackElo "1713"]
[PlyCount "132"]
[EventDate "2020.10.03"]
[EventType "swiss"]
[EventRounds "11"]
[EventCountry "RUS"]
[SourceTitle "EXT 2022"]
[Source "ChessBase"]
[SourceDate "2021.10.06"]
[SourceVersion "1"]
[SourceVersionDate "2021.10.06"]
[SourceQuality "1"]

1. e4 e5 2. Nf3 Nc6 3. Nc3 Bc5 4. Bc4 d6 5. h3 Nf6 6. d3 h6 7. 0-0 0-0 8. Na4 Bb6 9. Nxb6 axb6 10. a3 Be6 11. Bb5 Ne7 12. c4 Bd7 13. Bxd7 Qxd7 14. Bd2 Ng6 15. Re1 Nh5 16. d4 exd4 17. Nxd4 Nhf4 18. Qf3 Ne6 19. Nf5 Qd8 20. Qg3 Qf6 21. h4 Nd4 22. h5 Nxf5 23. exf5 Nh4 24. Bc3 Nxf5 25. Bxf6 Nxg3 26. Be7 Nxh5 27. Bxf8 Kxf8 28. Re3 Re8 29. a4 Rxe3 30. fxe3 Ke7 31. a5 bxa5 32. Rxa5 Nf6 33. Ra7 Kd7 34. Rxb7 Ng4 35. Rb3 Kc6 36. Kf1 Kc5 37. Ke2 Ne5 38. Rc3 Kb4 39. Kd2 Nxc4+ 40. Kc2 c6 41. e4 Ne5 42. Kd2 Nc4+ 43. Kc2 d5 44. exd5 cxd5 45. b3 Ne5 46. Rc7 g6 47. Rb7+ Kc5 48. Rc7+ Kd6 49. Rc8 Kd7 50. Rh8 h5 51. Kc3 Nc6 52. Rf8 f5 53. Rf6 Ne7 54. Kd4 h4 55. b4 g5 56. Rh6 f4 57. Rh5 g4 58. Kc5 d4 59. Rxh4 d3 60. Rh1 Nc6 61. Rd1 Ne5 62. Kd5 Ng6 63. Rxd3 f3 64. gxf3 Nf4+ 65. Ke4+ Nxd3 66. Kxd3 gxf3 1/2-1/2

[Event "RUS-ch Silent"]
[Site "Zelenograd"]
[Date "2019.04.06"]
[Round "4"]
[White "Oorzhak, Aldar"]
[Black "Pogoskin, Roman"]
[Result "0-1"]
[WhiteElo "1898"]
[BlackElo "1924"]
[PlyCount "36"]
[EventDate "2019.04.03"]
[EventType "swiss"]
[EventRounds "11"]
[EventCountry "RUS"]
[SourceTitle "CBM 190 Extra"]
[Source "ChessBase"]
[SourceDate "2019.07.15"]
[SourceVersion "1"]
[SourceVersionDate "2019.07.15"]
[SourceQuality "1"]

1. d4 d5 2. c4 dxc4 3. Nf3 Nf6 4. e3 e6 5. Bxc4 c5 6. 0-0 a6 7. Qe2 b5 8. Bb3 Nbd7 9. Rd1 Qc7 10. Nc3 Bb7 11. d5 c4 12. dxe6 fxe6 13. Bc2 Bd6 14. e4 0-0 15. a3 Ne5 16. Nd4 Neg4 17. Nxe6 Bxh2+ 18. Kh1 Qe5 0-1

[Event "RUS-ch Silent"]
[Site "Zelenograd"]
[Date "2019.04.03"]
[Round "1"]
[White "Pogoskin, Roman"]
[Black "Rubel, Maxim"]
[Result "1-0"]
[WhiteElo "1924"]
[BlackElo "1586"]
[PlyCount "115"]
[EventDate "2019.04.03"]
[EventType "swiss"]
[EventRounds "11"]
[EventCountry "RUS"]
[SourceTitle "CBM 190 Extra"]
[Source "ChessBase"]
[SourceDate "2019.07.15"]
[SourceVersion "1"]
[SourceVersionDate "2019.07.15"]
[SourceQuality "1"]

1. e4 e5 2. Nf3 Nc6 3. d4 exd4 4. Nxd4 d6 5. Nc3 Nf6 6. Be2 Be7 7. 0-0 0-0 8. Nxc6 bxc6 9. f4 d5 10. e5 Bc5+ 11. Kh1 Ne4 12. Nxe4 dxe4 13. Bc4 Qh4 14. Qe2 Bf5 15. Be3 Bb6 16. a4 Rad8 17. a5 Bg4 18. Qe1 Qxe1 19. Rfxe1 Bxe3 20. Rxe3 Rd4 21. Bb3 Rb8 22. Rae1 Bf5 23. h3 h5 24. Rc3 Bd7 25. e6 fxe6 26. f5 Re8 27. fxe6 Bxe6 28. Rxc6 Bxb3 29. cxb3 Rd7 30. Re2 Re5 31. b4 Rd4 32. Rxc7 Rb5 33. Rxa7 Rbxb4 34. a6 Ra4 35. Re7 Rxa6 36. R2xe4 Rxe4 37. Rxe4 Rb6 38. b4 Kf7 39. Kh2 Kf6 40. Kg3 g5 41. Kf3 h4 42. Ke3 Kf5 43. Kd3 Ra6 44. Rg4 Ra1 45. Kc4 Rc1+ 46. Kd5 Rc2 47. b5 Rb2 48. Kc6 Rc2+ 49. Kb7 Rb2 50. b6 Rc2 51. Kb8 Rb2 52. b7 Rc2 53. Ka7 Ra2+ 54. Kb6 Rb2+ 55. Kc6 Rc2+ 56. Kb5 Rb2+ 57. Rb4 Rxg2 58. b8Q 1-0

[Event "Moscow-ch Silent"]
[Site "Moscow"]
[Date "2017.08.16"]
[Round "2"]
[White "Pogoskin, Roman"]
[Black "Beketov, Viktor"]
[Result "1-0"]
[WhiteElo "1961"]
[BlackElo "1993"]
[PlyCount "61"]
[EventDate "2017.08.15"]
[EventType "tourn"]
[EventRounds "11"]
[EventCountry "RUS"]
[SourceTitle "EXT 2022"]
[Source "ChessBase"]
[SourceDate "2021.10.06"]
[SourceVersion "1"]
[SourceVersionDate "2021.10.06"]
[SourceQuality "1"]

1. e4 c5 2. Nf3 Nc6 3. d4 cxd4 4. Nxd4 Nxd4 5. Qxd4 e6 6. Nc3 Ne7 7. Bg5 h6 8. Be3 Nc6 9. Qd2 Bb4 10. a3 Ba5 11. Bc5 Bb6 12. Bd6 Bc7 13. Nb5 Bxd6 14. Qxd6 Qe7 15. Nc7+ Kf8 16. Qxe7+ Kxe7 17. Nxa8 Kd8 18. Bb5 Nd4 19. Bd3 b6 20. 0-0-0 Bb7 21. Ba6 Bxa6 22. Rxd4 Bb7 23. Rhd1 Bxa8 24. Rxd7+ Kc8 25. f3 f5 26. Rxa7 Kb8 27. Rdd7 fxe4 28. fxe4 Bxe4 29. Rxg7 Rc8 30. c3 Rf8 31. Raf7 1-0

[Event "Zelenograd-ch"]
[Site "Zelenograd"]
[Date "2016.09.23"]
[Round "8"]
[White "Rukavishnikov, Maxim"]
[Black "Pogoskin, Roman"]
[Result "0-1"]
[WhiteElo "1845"]
[BlackElo "1984"]
[PlyCount "124"]
[EventDate "2016.09.19"]
[EventType "swiss"]
[EventRounds "11"]
[EventCountry "RUS"]
[SourceTitle "EXT 2017"]
[Source "ChessBase"]
[SourceDate "2016.10.25"]
[SourceVersion "1"]
[SourceVersionDate "2016.10.25"]
[SourceQuality "1"]

1. e4 e5 2. Nf3 Nf6 3. Nc3 Nc6 4. Bc4 Nxe4 5. Nxe4 d5 6. Bxd5 Qxd5 7. d3 Bg4 8. h3 Bh5 9. g4 Bg6 10. Nc3 Qd7 11. Qe2 0-0-0 12. Bd2 f5 13. 0-0-0 Nd4 14. Nxd4 exd4 15. Nb1 Qd5 16. c4 dxc3 17. Nxc3 Qxd3 18. Bg5 Qxd1+ 19. Rxd1 Rxd1+ 20. Qxd1 Bd6 21. Nb5 Bc5 22. Qc2 Bb6 23. Qc4 fxg4 24. hxg4 Rf8 25. Nxc7 Bxc7 26. Be7 Rf7 27. Qe6+ Kb8 28. Bd6 b6 29. Bxc7+ Rxc7+ 30. Kd1 Bf7 31. Qe4 Bxa2 32. Qxh7 a5 33. f4 b5 34. g5 a4 35. f5 b4 36. Qh4 Bc4 37. f6 gxf6 38. gxf6 Bb3+ 39. Ke1 Rb7 40. Qf4+ Ka8 41. Qf3 Bf7 42. Qd3 Ka7 43. Kf2 Kb6 44. Kf3 Ka5 45. Kf4 Kb6 46. Ke5 Ka7 47. Kd6 a3 48. bxa3 b3 49. Kc6 Be8+ 50. Kc5 b2 51. Qd8 Rb5+ 52. Kd6 b1Q 53. Qc7+ Ka6 54. Qc8+ Rb7 55. Qa8+ Ra7 56. Qc8+ Qb7 57. Qxe8 Qb6+ 58. Ke5 Qc5+ 59. Kf4 Kb6 60. f7 Qc4+ 61. Ke5 Qxf7 62. Qb8+ Kc6 0-1

[Event "Zelenograd-ch"]
[Site "Zelenograd"]
[Date "2016.09.19"]
[Round "1"]
[White "Shalagin, Vladimir"]
[Black "Pogoskin, Roman"]
[Result "1/2-1/2"]
[WhiteElo "1851"]
[BlackElo "1984"]
[PlyCount "107"]
[EventDate "2016.09.19"]
[EventType "swiss"]
[EventRounds "11"]
[EventCountry "RUS"]
[SourceTitle "EXT 2017"]
[Source "ChessBase"]
[SourceDate "2016.10.25"]
[SourceVersion "1"]
[SourceVersionDate "2016.10.25"]
[SourceQuality "1"]

1. e4 e5 2. Nf3 Nf6 3. Nxe5 d6 4. Nf3 Nxe4 5. Nc3 Nxc3 6. dxc3 Be7 7. Be3 Nc6 8. h3 Be6 9. Qd2 Ne5 10. Nd4 Nc4 11. Nxe6 Nxd2 12. Nxd8 Nxf1 13. Rxf1 Rxd8 14. 0-0-0 0-0 15. c4 f5 16. f3 Bh4 17. c5 f4 18. Bg1 d5 19. Bf2 Bxf2 20. Rxf2 c6 21. Rfd2 Rde8 22. c4 dxc4 23. Rd7 Rf7 24. Rxf7 Kxf7 25. Rd7+ Re7 26. Rd4 g5 27. Kd2 Kg6 28. h4 h6 29. hxg5 Kxg5 30. g3 fxg3 31. Rg4+ Kf5 32. Rxg3 b5 33. cxb6 axb6 34. Rh3 Re6 35. Rh4 b5 36. a4 Rd6+ 37. Kc2 Kg5 38. Rg4+ Kf5 39. Rh4 Kg5 40. Rg4+ Kf6 41. Rh4 Kg6 42. Rg4+ Kf7 43. Rh4 Ke7 44. Rh5 bxa4 45. Rh4 Rf6 46. Rxc4 Rxf3 47. Rxc6 h5 48. Rc4 a3 49. bxa3 Rxa3 50. Kd2 Rf3 51. Ke2 Rf5 52. Rc6 Kf7 53. Rb6 Kg7 54. Ra6 1/2-1/2

[Event "RUS-ch Silent"]
[Site "Zelenograd"]
[Date "2015.06.10"]
[Round "11"]
[White "Malyuga, Valentin"]
[Black "Pogoskin, Roman"]
[Result "1-0"]
[WhiteElo "2105"]
[BlackElo "2042"]
[PlyCount "93"]
[EventDate "2015.06.02"]
[EventType "swiss"]
[EventRounds "11"]
[EventCountry "RUS"]
[SourceTitle "EXT 2018"]
[Source "ChessBase"]
[SourceDate "2017.10.13"]
[SourceVersion "1"]
[SourceVersionDate "2017.10.13"]
[SourceQuality "1"]

1. Nf3 Nf6 2. d4 e6 3. e3 d5 4. Be2 Be7 5. 0-0 0-0 6. c4 Nbd7 7. Nc3 dxc4 8. Bxc4 c5 9. Qe2 a6 10. a4 Qc7 11. Rd1 cxd4 12. exd4 Nb6 13. Bd3 Nbd5 14. Nxd5 exd5 15. Ne5 Bb4 16. Bg5 Qd6 17. Qf3 Ne8 18. Bf4 Qf6 19. Rac1 Bf5 20. Bg5 Qxg5 21. Qxf5 Qxf5 22. Bxf5 Nd6 23. Bh3 Ne4 24. Nd7 Rfd8 25. Nb6 Rab8 26. Nd7 Rbc8 27. Rxc8 Rxc8 28. Nf6+ Nxf6 29. Bxc8 Kf8 30. Bxb7 a5 31. f3 Ke7 32. Kf2 Kd6 33. Rc1 Kd7 34. Rc2 Kd6 35. g4 h6 36. Ba6 Ne8 37. h4 Nc7 38. Bb5 Ne6 39. Ke3 Ke7 40. f4 Kd8 41. f5 Nc7 42. g5 h5 43. Rc6 Be1 44. g6 f6 45. Rxf6 Bxh4 46. Rf8+ Ke7 47. Rf7+ 1-0

[Event "RUS-ch Silent"]
[Site "Zelenograd"]
[Date "2015.06.05"]
[Round "6"]
[White "Pogoskin, Roman"]
[Black "Sokolov, Yury A"]
[Result "1-0"]
[WhiteElo "2042"]
[BlackElo "1816"]
[PlyCount "89"]
[EventDate "2015.06.02"]
[EventType "swiss"]
[EventRounds "11"]
[EventCountry "RUS"]
[SourceTitle "EXT 2018"]
[Source "ChessBase"]
[SourceDate "2017.10.13"]
[SourceVersion "1"]
[SourceVersionDate "2017.10.13"]
[SourceQuality "1"]

1. e4 c5 2. Nf3 d6 3. Nc3 a6 4. d4 cxd4 5. Nxd4 g6 6. Be2 Bg7 7. 0-0 e6 8. Be3 Ne7 9. Qd2 0-0 10. Rad1 d5 11. exd5 exd5 12. Bf3 Nbc6 13. Rfe1 Be6 14. Nxc6 bxc6 15. Bc5 Re8 16. Ne2 Nf5 17. g3 a5 18. a4 Bf8 19. Bxf8 Rxf8 20. Nf4 Ng7 21. Nd3 Qd6 22. c3 Rab8 23. Nf4 Rfe8 24. Be2 Ra8 25. c4 Red8 26. cxd5 cxd5 27. Bb5 g5 28. Ne2 h6 29. Nc3 Qb4 30. Ne2 Qd6 31. Qd4 Nf5 32. Qf6 Qe7 33. Qe5 Qd6 34. Nd4 Qxe5 35. Rxe5 Nxd4 36. Rxd4 Rac8 37. Re2 Bh3 38. f4 Rc1+ 39. Kf2 Rf1+ 40. Ke3 gxf4+ 41. Rxf4 Rxf4 42. Kxf4 Bf1 43. Rd2 Bh3 44. g4 Kg7 45. Kg3 1-0